00321 2200145 4500245004200000250001100042100001500053650001700068650001600085005001900101260001800120041001400138084001400152336000900166 aJejak Langkah KecilcThariq F AhText aCet. 1 aThariq F A aAutobiografi aKarya Siswa a20250522105856 aJakartac2025 aIndonesia a081 THA j atext